Khảo sát tính nửa liên tục của ánh xạ nghiệm cho một bài toán bất đẳng thức tựa biến phân loại Minty Báo cáo tổng kết đề tài nghiên cứu khoa học và công nghệ cấp cơ sở. Mã số CS2014.01.36

Enregistré dans:
Détails bibliographiques
Auteur principal: Nguyễn Văn Hưng (Chủ nhiệm đề tài)
Format: Thèse Kit Livre
Publié: Đồng Tháp Trường Đại học Đồng Tháp 2015
Sujets:
Tags: Ajouter un tag
Pas de tags, Soyez le premier à ajouter un tag!
Thư viện lưu trữ: Trung tâm Học liệu Lê Vũ Hùng, Trường Đại học Đồng Tháp
LEADER 01323ppm a22003258a 4500
001 00036175
005 20171026081025.0
008 170215s2015 ||||||Viesd
041 0 # |a Vie 
082 1 4 |b KH108S  |a 511.3 
100 1 # |a Nguyễn Văn Hưng  |e Chủ nhiệm đề tài 
245 1 0 |b Báo cáo tổng kết đề tài nghiên cứu khoa học và công nghệ cấp cơ sở. Mã số CS2014.01.36  |c Nguyễn Văn Hưng (chủ nhiệm đề tài)  |a Khảo sát tính nửa liên tục của ánh xạ nghiệm cho một bài toán bất đẳng thức tựa biến phân loại Minty 
260 # # |b Trường Đại học Đồng Tháp  |c 2015  |a Đồng Tháp 
300 # # |c 30 cm.  |e 1 bản tóm tắt  |a 23tr. +phụ lục 
500 # # |a ĐTTS ghi: Bộ Giáo dục và Đào tạo. Trường Đại học Đồng Tháp 
653 # # |a Bài toán 
653 # # |a Ánh xạ 
653 # # |a Toán học 
653 # # |a Nghiên cứu khoa học 
653 # # |a Khảo sát 
852 # # |j KH.0000048 
852 # # |b Kho đọc  |j KH.0000048 
910 # # |d 15/02/2017 
980 # # |a Trung tâm Học liệu Lê Vũ Hùng, Trường Đại học Đồng Tháp